[Event "C.to Italiano Semifinale"]
[Site "Civitanova Marche ITA"]
[Date "2014.07.24"]
[Round "6"]
[White "Cocchi, Andrea"]
[Black "Andreoni, Giuseppe"]
[WhiteElo "2282"]
[BlackElo "2150"]
[Result "1-0"]
[PlyCount "57"]
[EventDate "2014.07.19"]

1. Nf3 Nf6 2. c4 g6 3. Nc3 d5 4. cxd5 Nxd5 5. e4 Nxc3 6. bxc3 Bg7 7. Ba3 O-O 8.
d4 b6 9. Bc4 Nc6 10. Bd5 Bb7 11. O-O Na5 12. Bxb7 Nxb7 13. Qe2 c5 14. Rfd1 Qc7
15. Rac1 Rac8 16. d5 Rce8 17. c4 e6 18. Qd3 exd5 19. cxd5 Qf4 20. Re1 Nd6 21.
g3 Qg4 22. e5 Nf5 23. Rc4 Qh3 24. Bc1 Re7 25. Ng5 Qh6 26. Ne6 Qh3 27. Ng5 Qh6
28. Ne6 Qh3 29. Nxf8 1-0

[Event "C.to Italiano Semifinale"]
[Site "Civitanova Marche ITA"]
[Date "2014.07.24"]
[Round "6"]
[White "De Filomeno, Simone"]
[Black "Xia, Jie"]
[WhiteElo "2440"]
[BlackElo "2292"]
[Result "1-0"]
[PlyCount "95"]
[EventDate "2014.07.19"]

1. d4 Nf6 2. c4 d6 3. Nf3 Bg4 4. Nbd2 Nbd7 5. g3 c6 6. Bg2 e5 7. O-O Be7 8. Qc2
O-O 9. b3 Re8 10. Bb2 Bf8 11. e4 Bxf3 12. Nxf3 exd4 13. Nxd4 Nc5 14. Rae1 g6
15. b4 Ncd7 16. Nb3 Bg7 17. h3 h5 18. Kh1 h4 19. g4 Nh7 20. Bxg7 Kxg7 21. f4 g5
22. Nd4 gxf4 23. Nf5+ Kg8 24. Nxd6 Ne5 25. Nxe8 Qxe8 26. Rxf4 Qe7 27. Rf5 Nf8
28. Ref1 Nfg6 29. Qd2 Rd8 30. Qh6 Qf8 31. Qg5 Re8 32. Rxf7 Qxf7 33. Rxf7 Kxf7
34. Qf5+ Kg7 35. g5 Rf8 36. Qe6 Rf7 37. a4 b6 38. Kg1 Rf8 39. Qd6 Rf7 40. c5
bxc5 41. Qxc5 Kh7 42. Bf1 Nf3+ 43. Kh1 Nge5 44. Be2 Kg6 45. Bxf3 Nxf3 46. Qxc6+
Kxg5 47. Qd5+ Kg6 48. b5 1-0

[Event "C.to Italiano Semifinale"]
[Site "Civitanova Marche ITA"]
[Date "2014.07.24"]
[Round "6"]
[White "Gilevych, Artem"]
[Black "Bruno, Fabio"]
[WhiteElo "2362"]
[BlackElo "2428"]
[Result "1/2-1/2"]
[PlyCount "44"]
[EventDate "2014.07.19"]

1. d4 d5 2. c4 e6 3. Nf3 Nf6 4. Nc3 c6 5. cxd5 exd5 6. Qc2 g6 7. Bg5 Bg7 8. e3
Bf5 9. Bd3 Bxd3 10. Qxd3 O-O 11. Bxf6 Qxf6 12. b4 Nd7 13. O-O a6 14. a4 Qd6 15.
Rab1 Rfd8 16. Rfc1 Rac8 17. Ne2 Nb6 18. Nc3 Qe7 19. Nd2 Bf8 20. Nb3 Nc4 21. Nc5
Ra8 22. b5 axb5 1/2-1/2

[Event "C.to Italiano Semifinale"]
[Site "Civitanova Marche ITA"]
[Date "2014.07.24"]
[Round "6"]
[White "Moroni, Luca Jr"]
[Black "Mola, Pietro"]
[WhiteElo "2347"]
[BlackElo "2225"]
[Result "1-0"]
[PlyCount "121"]
[EventDate "2014.07.19"]

1. e4 c5 2. Nf3 d6 3. d4 cxd4 4. Qxd4 a6 5. c4 Nc6 6. Qe3 g6 7. Nc3 Bg7 8. h3
Nf6 9. Be2 O-O 10. O-O Nd7 11. b3 Nc5 12. Bb2 f5 13. exf5 Bxf5 14. Rad1 Qd7 15.
Nh4 Qe6 16. Nxf5 gxf5 17. Qxe6+ Nxe6 18. Rfe1 Ned4 19. Bf1 Rae8 20. Rd2 Bh6 21.
Rd3 Bg7 22. Rd2 Bh6 23. Rdd1 Bg7 24. Rb1 a5 25. Red1 Ne6 26. Be2 Nc5 27. Nb5
Bxb2 28. Rxb2 f4 29. Bf3 Ne5 30. Bd5+ Kg7 31. a3 Rf6 32. b4 Na4 33. Rc2 axb4
34. axb4 Nc6 35. Rb1 Nb6 36. Be4 Rb8 37. c5 dxc5 38. bxc5 Nd7 39. Nc7 Nde5 40.
Rcb2 Nd7 41. Rc1 h5 42. Nd5 Rff8 43. h4 Nde5 44. Nc7 Rf6 45. Rcb1 Nd7 46. Rxb7
Rxb7 47. Rxb7 Nxc5 48. Ne8+ Kf7 49. Nxf6 Nxb7 50. Nxh5 Nbd8 51. Bxc6 Nxc6 52.
Nxf4 Ne5 53. f3 Kf6 54. Kf2 Nf7 55. g4 Nh8 56. Kg3 Ke5 57. h5 Kf6 58. Nd5+ Ke6
59. Ne3 Kf6 60. f4 e5 61. g5+ 1-0

[Event "C.to Italiano Semifinale"]
[Site "Civitanova Marche ITA"]
[Date "2014.07.24"]
[Round "6"]
[White "Sibilio, Mario"]
[Black "Genocchio, Daniele"]
[WhiteElo "2315"]
[BlackElo "2404"]
[Result "1/2-1/2"]
[PlyCount "88"]
[EventDate "2014.07.19"]

1. Nf3 c5 2. e4 Nc6 3. Bb5 g6 4. O-O Bg7 5. Re1 Nf6 6. e5 Nd5 7. Nc3 Nc7 8.
Bxc6 dxc6 9. Ne4 b6 10. h3 O-O 11. d3 h6 12. Bf4 Ne6 13. Bh2 a5 14. a4 Ra7 15.
Nfd2 Nc7 16. Nc4 Nd5 17. Qe2 Kh7 18. Kh1 Bd7 19. c3 Kg8 20. f4 f5 21. exf6 exf6
22. Qf2 f5 23. Ned2 Re8 24. Nf3 Be6 25. Nce5 Ne7 26. Qg3 Kh7 27. Re2 Bd5 28.
Nh4 Bf6 29. c4 g5 30. fxg5 hxg5 31. Nhf3 Bxf3 32. Qxf3 Kg8 33. Rae1 Rf8 34.
Nxc6 Nxc6 35. Qxc6 Qxd3 36. Bd6 Rff7 37. Qxb6 g4 38. Qxc5 Rad7 39. Be5 Bxe5 40.
Qxe5 gxh3 41. Re3 hxg2+ 42. Kg1 Qd4 43. Qxd4 Rxd4 44. Rg3+ Kf8 1/2-1/2

[Event "C.to Italiano Semifinale"]
[Site "Civitanova Marche ITA"]
[Date "2014.07.24"]
[Round "6"]
[White "Stella, Andrea"]
[Black "Formento, Paolo"]
[WhiteElo "2428"]
[BlackElo "2228"]
[Result "1/2-1/2"]
[PlyCount "42"]
[EventDate "2014.07.19"]

1. Nf3 c5 2. c4 Nc6 3. Nc3 g6 4. e3 Bg7 5. d4 d6 6. d5 Ne5 7. Nxe5 Bxe5 8. e4
Bg7 9. Bd3 Nf6 10. f4 O-O 11. O-O Ne8 12. f5 Nf6 13. Bg5 Nd7 14. Qe1 Ne5 15.
Be2 a6 16. Qh4 Bf6 17. Bxf6 exf6 18. b3 Kg7 19. a3 Bd7 20. Qf2 Rc8 21. a4 a5
1/2-1/2

[Event "C.to Italiano Semifinale"]
[Site "Civitanova Marche ITA"]
[Date "2014.07.24"]
[Round "6"]
[White "Valsecchi, Alessio"]
[Black "Contin, Daniel"]
[WhiteElo "2421"]
[BlackElo "2319"]
[Result "1/2-1/2"]
[PlyCount "28"]
[EventDate "2014.07.19"]

1. e4 e6 2. d4 d5 3. Nc3 Bb4 4. e5 c5 5. a3 Bxc3+ 6. bxc3 Ne7 7. Qg4 Qc7 8.
Qxg7 Rg8 9. Qxh7 cxd4 10. Ne2 Nbc6 11. f4 Bd7 12. Qd3 dxc3 13. Nxc3 a6 14. Ne2
Rc8 1/2-1/2

[Event "C.to Italiano Semifinale"]
[Site "Civitanova Marche ITA"]
[Date "2014.07.24"]
[Round "6"]
[White "Zamengo, Fulvio"]
[Black "Bellia, Fabrizio"]
[WhiteElo "2162"]
[BlackElo "2396"]
[Result "0-1"]
[PlyCount "64"]
[EventDate "2014.07.19"]

1. e4 e5 2. Nf3 Nc6 3. Bb5 a6 4. Ba4 Nf6 5. O-O Be7 6. d3 d6 7. c4 O-O 8. Nc3
Bg4 9. Be3 Nd4 10. Bxd4 exd4 11. Ne2 Bxf3 12. gxf3 Nh5 13. f4 g6 14. f5 Bg5 15.
Ng3 Nf4 16. Qf3 Bh6 17. Kh1 Qh4 18. Ne2 Nxe2 19. Qxe2 Bf4 20. f3 Be3 21. Qg2
Kh8 22. Qg4 Qh6 23. f6 Bf4 24. Rf2 c6 25. h4 Rae8 26. Kg2 Re6 27. Rh1 Rxf6 28.
Kf1 Be3 29. Rg2 Rf4 30. Qd7 Rxf3+ 31. Ke1 Qf4 32. Rg4 Bf2+ 0-1

[Event "C.to Italiano Semifinale"]
[Site "Civitanova Marche ITA"]
[Date "2014.07.25"]
[Round "7"]
[White "Basso, Pier Luigi"]
[Black "Moroni, Luca Jr"]
[WhiteElo "2302"]
[BlackElo "2347"]
[Result "1/2-1/2"]
[PlyCount "78"]
[EventDate "2014.07.19"]

1. c4 e6 2. g3 d5 3. Bg2 dxc4 4. Qa4+ Nd7 5. Qxc4 c5 6. Nf3 a6 7. Qc2 Ngf6 8.
Nc3 Qc7 9. d4 b5 10. d5 exd5 11. Bf4 Bd6 12. Nxd5 Nxd5 13. Qe4+ Ne7 14. Bxd6
Qxd6 15. Qxa8 Nf6 16. a4 O-O 17. axb5 Bh3 18. Qxf8+ Kxf8 19. bxa6 Bxg2 20. a7
Bxh1 21. a8=Q+ Ne8 22. Qe4 Qb6 23. Qc2 Bxf3 24. exf3 Nc7 25. Kf1 f6 26. h4 g6
27. h5 Kg7 28. Qe2 Kf7 29. hxg6+ hxg6 30. Kg2 Qe6 31. Qd2 Qd5 32. Qe3 Nf5 33.
Qf4 Ne6 34. Ra7+ Ne7 35. Qh6 Ng5 36. Ra3 Nf5 37. Ra7+ Ne7 38. Ra3 Nf5 39. Ra7+
Ne7 1/2-1/2

[Event "C.to Italiano Semifinale"]
[Site "Civitanova Marche ITA"]
[Date "2014.07.25"]
[Round "7"]
[White "Bellia, Fabrizio"]
[Black "Valsecchi, Alessio"]
[WhiteElo "2396"]
[BlackElo "2421"]
[Result "1/2-1/2"]
[PlyCount "20"]
[EventDate "2014.07.19"]

1. d4 Nf6 2. Nf3 g6 3. g3 Bg7 4. Bg2 O-O 5. O-O d5 6. c4 dxc4 7. Na3 c3 8. bxc3
c5 9. e3 Nc6 10. Qe2 Nd7 1/2-1/2

[Event "C.to Italiano Semifinale"]
[Site "Civitanova Marche ITA"]
[Date "2014.07.25"]
[Round "7"]
[White "Bove, Alessandro"]
[Black "Cocchi, Andrea"]
[WhiteElo "2323"]
[BlackElo "2282"]
[Result "1/2-1/2"]
[PlyCount "121"]
[EventDate "2014.07.19"]

1. e4 g6 2. d4 Bg7 3. c4 d6 4. Nc3 Nf6 5. f3 O-O 6. Bg5 Na6 7. Qd2 c5 8. d5 Nc7
9. Bd3 a6 10. a4 Bd7 11. a5 Rb8 12. f4 b5 13. axb6 Rxb6 14. Nf3 Bg4 15. O-O
Bxf3 16. Rxf3 Qd7 17. h3 Rfb8 18. Ra2 Nh5 19. g4 Bd4+ 20. Kg2 Nf6 21. Bxf6 exf6
22. Rf1 Rb3 23. Rc1 Kg7 24. Bc2 Rxb2 25. Rxb2 Rxb2 26. Ne2 Qa4 27. Qd3 Qa2 28.
g5 Ne8 29. Kf3 Kg8 30. Nxd4 cxd4 31. gxf6 Nxf6 32. e5 dxe5 33. fxe5 Nd7 34. Kf4
Rb4 35. e6 fxe6 36. dxe6 Nf6 37. e7 Qa5 38. Qxd4 Qc7+ 39. Kf3 Qxe7 40. Rd1 Qf7
41. Ke2 Kg7 42. Bd3 Qc7 43. Rf1 Qe7+ 44. Kd2 Rb7 45. Kc2 Rd7 46. Qc3 Rd6 47.
Rf3 Kg8 48. Qb4 Qe5 49. Re3 Qd4 50. Qb8+ Kf7 51. Qc7+ Nd7 52. Rf3+ Ke7 53. Qc8
Rb6 54. Qg8 Rb2+ 55. Kd1 Ra2 56. Qxh7+ Kd8 57. Qxg6 Qc3 58. Qg8+ Kc7 59. Qg3+
Kd8 60. Qg5+ Kc7 61. Qg3+ 1/2-1/2

[Event "C.to Italiano Semifinale"]
[Site "Civitanova Marche ITA"]
[Date "2014.07.25"]
[Round "7"]
[White "Bruno, Fabio"]
[Black "Altini, Nicola"]
[WhiteElo "2428"]
[BlackElo "2412"]
[Result "1/2-1/2"]
[PlyCount "113"]
[EventDate "2014.07.19"]

1. d4 d5 2. Nf3 Nf6 3. c4 c6 4. Nc3 dxc4 5. a4 Bf5 6. Ne5 Na6 7. e3 Nb4 8. Bxc4
e6 9. O-O Bd6 10. Bd2 O-O 11. Qe2 h6 12. Rac1 Bh7 13. Rfd1 Nd7 14. Be1 a5 15.
f4 Qe7 16. e4 Nb6 17. Bb3 f6 18. Nc4 Nxc4 19. Qxc4 Bxf4 20. Qxe6+ Qxe6 21.
Bxe6+ Kh8 22. Bd2 Bxd2 23. Rxd2 Rfe8 24. d5 Rad8 25. Rcd1 cxd5 26. Bxd5 Rd7 27.
Kf2 f5 28. exf5 Bxf5 29. Bc4 Rde7 30. Rd8 g5 31. Rxe8+ Rxe8 32. Rd6 Kg7 33. Rb6
Re7 34. Nd5 Nxd5 35. Bxd5 Bc8 36. h3 h5 37. Bf3 g4 38. hxg4 hxg4 39. Bd5 Rc7
40. Kg3 Rd7 41. Be4 Rd2 42. b3 Kf7 43. Rb5 Be6 44. Rxb7+ Kf6 45. Rb5 Rb2 46.
Rxa5 Rxb3+ 47. Kf4 Rb4 48. Ra6 g3 49. Ke3 Rb3+ 50. Kd2 Ke5 51. Bc2 Ra3 52. Ra8
Bd5 53. Re8+ Kd4 54. Rd8 Ke5 55. Re8+ Kd4 56. Rd8 Ke5 57. Re8+ 1/2-1/2

[Event "C.to Italiano Semifinale"]
[Site "Civitanova Marche ITA"]
[Date "2014.07.25"]
[Round "7"]
[White "Contin, Daniel"]
[Black "De Filomeno, Simone"]
[WhiteElo "2319"]
[BlackElo "2440"]
[Result "1/2-1/2"]
[PlyCount "62"]
[EventDate "2014.07.19"]

1. Nf3 d5 2. c4 e6 3. b3 Nf6 4. g3 Be7 5. Bg2 O-O 6. O-O c5 7. e3 Nc6 8. Qe2 e5
9. cxd5 Nxd5 10. Bb2 e4 11. Ne5 Nxe5 12. Bxe5 Bf6 13. Bxf6 Nxf6 14. Qc4 Qe7 15.
Rc1 Qe5 16. Nc3 Bf5 17. d4 exd3 18. e4 d2 19. Rd1 Bg4 20. Rxd2 b5 21. f4 bxc4
22. fxe5 Nd7 23. bxc4 Nxe5 24. Rd5 Nxc4 25. Rxc5 Rfc8 26. Rxc8+ Rxc8 27. Nd5
Kf8 28. Rb1 Ne5 29. Rb3 Rc1+ 30. Kf2 g5 31. Rc3 Rxc3 1/2-1/2

[Event "C.to Italiano Semifinale"]
[Site "Civitanova Marche ITA"]
[Date "2014.07.25"]
[Round "7"]
[White "Damia, Angelo"]
[Black "Stella, Andrea"]
[WhiteElo "2205"]
[BlackElo "2428"]
[Result "1/2-1/2"]
[PlyCount "109"]
[EventDate "2014.07.19"]

1. e4 e6 2. d4 d5 3. Nc3 Nf6 4. Bg5 Be7 5. e5 Nfd7 6. h4 Nc6 7. Nf3 f6 8. exf6
Nxf6 9. Ne5 O-O 10. f4 Bb4 11. Qd3 Ne7 12. g3 c5 13. dxc5 Qa5 14. O-O-O Qxc5
15. Bh3 Nc6 16. Bxf6 gxf6 17. Nf3 Bxc3 18. Qxc3 Qxc3 19. bxc3 Rd8 20. Rhe1 Kf7
21. Nd4 f5 22. g4 Nxd4 23. cxd4 fxg4 24. Bxg4 Rg8 25. Bh5+ Kf6 26. f5 Rg2 27.
fxe6 Bxe6 28. Rf1+ Ke7 29. Rde1 Rc8 30. Re2 Rxe2 31. Bxe2 Rg8 32. Bd3 Rg4 33.
Bf5 Rxh4 34. Re1 Rh6 35. Re5 Kd6 36. Bxe6 Rxe6 37. Rh5 h6 38. a4 Rg6 39. Kb2
Kc6 40. c4 dxc4 41. Kc3 b6 42. Kxc4 a6 43. Kb4 Rf6 44. Kc4 Kd6 45. Kb4 Ke6 46.
Kc4 Rg6 47. Re5+ Kd7 48. Rh5 Kd6 49. Rd5+ Kc6 50. Rh5 Rd6 51. Rf5 b5+ 52. axb5+
axb5+ 53. Rxb5 Rxd4+ 54. Kxd4 Kxb5 55. Ke4 1/2-1/2

[Event "C.to Italiano Semifinale"]
[Site "Civitanova Marche ITA"]
[Date "2014.07.25"]
[Round "7"]
[White "Formento, Paolo"]
[Black "Zamengo, Fulvio"]
[WhiteElo "2228"]
[BlackElo "2162"]
[Result "1/2-1/2"]
[PlyCount "116"]
[EventDate "2014.07.19"]

1. d4 Nf6 2. Bg5 c5 3. Bxf6 gxf6 4. d5 Qb6 5. Qc1 f5 6. c4 Bg7 7. Nc3 d6 8. e3
Nd7 9. Qc2 Nf6 10. Bd3 Ne4 11. Nge2 Nxc3 12. Nxc3 Bd7 13. O-O e6 14. Kh1 O-O
15. Rg1 Kh8 16. g4 fxg4 17. Rxg4 f5 18. Rg5 Qd8 19. Rag1 Bf6 20. Rh5 Qe8 21.
Rh3 Rg8 22. Rxg8+ Qxg8 23. e4 Be5 24. Qd1 Qg7 25. dxe6 Rg8 26. Qf1 Bc6 27. Nd5
f4 28. Be2 Be8 29. Bf3 Bxb2 30. Nxf4 Qf6 31. Nd5 Qxe6 32. Nc7 Qf6 33. Nxe8 Rxe8
34. Qd3 Qg5 35. Qe2 Be5 36. Bg4 Rg8 37. f3 Qc1+ 38. Kg2 Rg7 39. Rh5 Bd4 40. Kh3
Be5 41. Rf5 Qh6+ 42. Rh5 Qc1 43. Rf5 Rg6 44. Rf8+ Kg7 45. Rf5 b5 46. cxb5 c4
47. Qf2 Kg8 48. a4 Qh6+ 49. Rh5 Qf4 50. Qe2 Kg7 51. a5 c3 52. b6 Rxg4 53. fxg4
c2 54. Qxc2 Qf3+ 55. Kh4 Bf6+ 56. g5 Qf4+ 57. Kh3 Qf3+ 58. Kh4 Qf4+ 1/2-1/2

[Event "C.to Italiano Semifinale"]
[Site "Civitanova Marche ITA"]
[Date "2014.07.25"]
[Round "7"]
[White "Genocchio, Daniele"]
[Black "Gilevych, Artem"]
[WhiteElo "2404"]
[BlackElo "2362"]
[Result "1/2-1/2"]
[PlyCount "61"]
[EventDate "2014.07.19"]

1. e4 e6 2. d4 d5 3. Nc3 Bb4 4. a3 Bxc3+ 5. bxc3 dxe4 6. Qg4 Nf6 7. Qxg7 Rg8 8.
Qh6 Rg6 9. Qh4 Rg4 10. Qh6 Rg6 11. Qe3 Nc6 12. Bb2 Ne7 13. O-O-O b6 14. f3 Bb7
15. fxe4 Bxe4 16. Nf3 Nf5 17. Qe2 Nd6 18. c4 c6 19. Ne5 Rg7 20. Rg1 b5 21. c5
Nc4 22. Nxc4 bxc4 23. Qxc4 Rb8 24. Bd3 Qc7 25. g3 Qb7 26. Qb4 Qc7 27. Qc4 Qb7
28. Qa2 Rg4 29. Rgf1 Nd5 30. h3 Bxd3 31. Rxd3 1/2-1/2

[Event "C.to Italiano Semifinale"]
[Site "Civitanova Marche ITA"]
[Date "2014.07.25"]
[Round "7"]
[White "Martorelli, Antonio"]
[Black "Sibilio, Mario"]
[WhiteElo "2269"]
[BlackElo "2315"]
[Result "1/2-1/2"]
[PlyCount "130"]
[EventDate "2014.07.19"]

1. d4 Nf6 2. Nf3 e6 3. c4 Bb4+ 4. Bd2 a5 5. g3 O-O 6. Bg2 d5 7. O-O h6 8. a3
Be7 9. Nc3 dxc4 10. Qa4 c6 11. Qxc4 b5 12. Qb3 Ra6 13. Bf4 Nbd7 14. Rac1 Nd5
15. Bd2 a4 16. Qc2 Nxc3 17. Bxc3 Bb7 18. Rfd1 Qa8 19. e4 c5 20. d5 exd5 21.
exd5 b4 22. Be5 Bd6 23. Qf5 Nxe5 24. Nxe5 Bc8 25. Qh5 bxa3 26. bxa3 Qb8 27. Rb1
Rb6 28. Rxb6 Qxb6 29. Nc4 Qa6 30. Bf1 Bd7 31. Bd3 Bb5 32. Qg4 Bxc4 33. Bxc4 Qa5
34. Bd3 Re8 35. h4 Re1+ 36. Rxe1 Qxe1+ 37. Kg2 Qe8 38. h5 c4 39. Qxc4 Bxa3 40.
Qf4 Qd7 41. Qe4 Bc5 42. Qh7+ Kf8 43. Qe4 Qa7 44. Bb5 Qe7 45. Qxa4 Qe5 46. Qa8+
Ke7 47. Qe8+ Kf6 48. Qc6+ Qd6 49. f4 g5 50. Kf3 gxf4 51. gxf4 Qxc6 52. dxc6 Bd6
53. Ke4 Bc7 54. Bc4 Bd6 55. Be2 Bc7 56. Bg4 Bd6 57. Bd7 Bc7 58. Be8 Ke7 59. Bd7
Kf6 60. f5 Ke7 61. Kd5 f6 62. Kc5 Kd8 63. Kb5 Bd6 64. Kb6 Bc7+ 65. Kc5 Ke7
1/2-1/2

[Event "C.to Italiano Semifinale"]
[Site "Civitanova Marche ITA"]
[Date "2014.07.25"]
[Round "7"]
[White "Rettore, Ludwig"]
[Black "Calavalle, Giulio"]
[WhiteElo "2119"]
[BlackElo "2209"]
[Result "0-1"]
[PlyCount "86"]
[EventDate "2014.07.19"]

1. Nf3 c5 2. e4 Nc6 3. d4 cxd4 4. Nxd4 Nf6 5. Nc3 e5 6. Ndb5 d6 7. Bg5 a6 8.
Na3 b5 9. Nd5 Be7 10. Bxf6 Bxf6 11. c3 Bg5 12. Nc2 Be6 13. Nce3 Bxe3 14. Nxe3
O-O 15. g3 Rb8 16. Bg2 b4 17. c4 b3 18. axb3 Nd4 19. Rxa6 Rxb3 20. O-O Qb8 21.
Qa1 Rd8 22. Rb1 g6 23. Ra3 Qb4 24. Rxb3 Nxb3 25. Qa3 Rb8 26. Rd1 Nd4 27. Bf1
Kg7 28. Nd5 Qxa3 29. bxa3 Rb3 30. a4 Ra3 31. h3 Rxa4 32. Kg2 f5 33. exf5 Bxd5+
34. cxd5 gxf5 35. Rb1 Ra5 36. Rb7+ Kf6 37. Rxh7 Rxd5 38. Rd7 Nc2 39. Bc4 Rd2
40. Bb3 Ne1+ 41. Kf1 Nf3 42. Kg2 e4 43. g4 Ne5 0-1

[Event "C.to Italiano Semifinale"]
[Site "Civitanova Marche ITA"]
[Date "2014.07.25"]
[Round "7"]
[White "Vezzosi, Paolo"]
[Black "Dappiano, Andrea"]
[WhiteElo "2282"]
[BlackElo "2190"]
[Result "1-0"]
[PlyCount "115"]
[EventDate "2014.07.19"]

1. d4 e6 2. Nf3 Nf6 3. Bf4 Be7 4. h3 O-O 5. e3 c5 6. Nbd2 d5 7. c3 Nc6 8. Bd3
b6 9. O-O Bb7 10. Ne5 Nxe5 11. dxe5 Ne4 12. Nf3 f5 13. exf6 Bxf6 14. Ne5 Bxe5
15. Bxe5 Qh4 16. f3 Ng5 17. Qe1 Qxe1 18. Rfxe1 Nf7 19. Bg3 e5 20. Rad1 Rad8 21.
Bf5 Rfe8 22. h4 Nd6 23. Bg4 Nc4 24. Re2 e4 25. b3 exf3 26. Bxf3 Ne5 27. Bxe5
Rxe5 28. c4 Ba6 29. Rf2 d4 30. exd4 cxd4 31. Rfd2 b5 32. cxb5 Bxb5 33. Rxd4
Rxd4 34. Rxd4 a5 35. Rd5 Rxd5 36. Bxd5+ Kf8 37. Kf2 Ke7 38. Ke3 Kd6 39. Kd4 Be8
40. a3 Bd7 41. b4 axb4 42. axb4 Bb5 43. g3 Bf1 44. Bc4 Bg2 45. b5 h6 46. Bd3 g5
47. h5 Bf3 48. Bg6 Be2 49. b6 Bf3 50. Ke3 Bd1 51. Ke4 Bc2+ 52. Kd4 Bd1 53. b7
Kc7 54. Ke5 Kxb7 55. Kf6 Kc7 56. Kg7 Kd6 57. Kxh6 Ke7 58. Kg7 1-0

[Event "C.to Italiano Semifinale"]
[Site "Civitanova Marche ITA"]
[Date "2014.07.26"]
[Round "8"]
[White "Altini, Nicola"]
[Black "Valsecchi, Alessio"]
[WhiteElo "2412"]
[BlackElo "2421"]
[Result "1/2-1/2"]
[PlyCount "63"]
[EventDate "2014.07.19"]

1. d4 Nf6 2. c4 g6 3. Nc3 d5 4. cxd5 Nxd5 5. e4 Nxc3 6. bxc3 Bg7 7. Be3 c5 8.
Qd2 Qa5 9. Rc1 O-O 10. Nf3 Rd8 11. d5 Nc6 12. Be2 e6 13. Bg5 f6 14. Be3 exd5
15. exd5 Bg4 16. c4 Nb4 17. O-O Qxa2 18. Qxa2 Nxa2 19. Ra1 Nc3 20. Bd3 f5 21.
Ra3 b6 22. h3 Bxf3 23. gxf3 Re8 24. Kg2 a5 25. Bf4 Ne2 26. Bxe2 Rxe2 27. Bc7
Rc2 28. Bxb6 Rxc4 29. Rd1 Bf8 30. Rxa5 Rxa5 31. Bxa5 Bd6 32. Kf1 1/2-1/2

[Event "C.to Italiano Semifinale"]
[Site "Civitanova Marche ITA"]
[Date "2014.07.26"]
[Round "8"]
[White "Calavalle, Giulio"]
[Black "Bove, Alessandro"]
[WhiteElo "2209"]
[BlackElo "2323"]
[Result "1-0"]
[PlyCount "81"]
[EventDate "2014.07.19"]

1. e4 c5 2. Nc3 e6 3. g3 Nc6 4. Bg2 Nf6 5. Nge2 d6 6. d3 Bd7 7. a3 a6 8. O-O
Be7 9. h3 b5 10. f4 Rc8 11. Be3 d5 12. exd5 exd5 13. d4 b4 14. axb4 cxb4 15.
Na4 Na5 16. Nc5 Nc4 17. Bf2 Bb5 18. Re1 a5 19. Qc1 O-O 20. c3 Re8 21. g4 Bf8
22. Ng3 Rxe1+ 23. Bxe1 bxc3 24. bxc3 Rxc5 25. dxc5 Bxc5+ 26. Kh1 Nxg4 27. Nf5
Nge3 28. Nd4 Bd7 29. Bf2 Nxg2 30. Kxg2 Qf6 31. Rb1 Qg6+ 32. Kh2 Bd6 33. Bg3 Nd2
34. Rb7 Ne4 35. Qe3 Bc8 36. Rb6 Bxf4 37. Rxg6 Bxe3 38. Rb6 f5 39. Rb8 f4 40.
Rxc8+ Kf7 41. Be1 1-0

[Event "C.to Italiano Semifinale"]
[Site "Civitanova Marche ITA"]
[Date "2014.07.26"]
[Round "8"]
[White "Cocchi, Andrea"]
[Black "Basso, Pier Luigi"]
[WhiteElo "2282"]
[BlackElo "2302"]
[Result "1/2-1/2"]
[PlyCount "122"]
[EventDate "2014.07.19"]

1. g3 Nf6 2. Bg2 d5 3. d3 g6 4. Nd2 e5 5. e3 Bg7 6. b4 O-O 7. Ne2 c6 8. a4 e4
9. Bb2 exd3 10. cxd3 Re8 11. O-O Bg4 12. Nf3 a5 13. bxa5 Nbd7 14. Qc2 Qxa5 15.
Bc3 Qa6 16. Nf4 Red8 17. Rfe1 Bxf3 18. Bxf3 Ne8 19. h4 h5 20. d4 Nf8 21. Kg2
Nf6 22. Nd3 Qb6 23. Reb1 Qc7 24. Nc5 Rdb8 25. a5 N8d7 26. Nd3 Ne8 27. Nf4 Nf8
28. Bb4 Qd7 29. Ra2 Nd6 30. Be2 Ne6 31. Nd3 Ne4 32. Bf3 Qd8 33. Nb2 b6 34. Rba1
c5 35. Bxe4 cxb4 36. Bf3 bxa5 37. Qb3 Nc7 38. Rxa5 Rxa5 39. Rxa5 Bf8 40. Bxd5
Nxd5 41. Rxd5 Qc7 42. Na4 Qc6 43. e4 Re8 44. f3 Qc1 45. Rd7 Re6 46. e5 Qa3 47.
Qxa3 bxa3 48. Ra7 Rc6 49. Nc5 Bxc5 50. dxc5 Rxc5 51. Rxa3 Rxe5 52. f4 Rb5 53.
Kf3 Kg7 54. Kg2 Kf6 55. Ra7 Rb3 56. Ra5 Rd3 57. Kf2 Ke6 58. Re5+ Kd6 59. Ra5
Rd5 60. Ra6+ Kc5 61. Ra7 Rf5 1/2-1/2

[Event "C.to Italiano Semifinale"]
[Site "Civitanova Marche ITA"]
[Date "2014.07.26"]
[Round "8"]
[White "De Filomeno, Simone"]
[Black "Bruno, Fabio"]
[WhiteElo "2440"]
[BlackElo "2428"]
[Result "1/2-1/2"]
[PlyCount "21"]
[EventDate "2014.07.19"]

1. d4 Nf6 2. c4 e6 3. Nc3 Bb4 4. Qc2 O-O 5. e4 d5 6. e5 Ne4 7. Bd3 c5 8. Nf3
cxd4 9. Nxd4 Nd7 10. Bf4 Ndc5 11. O-O 1/2-1/2

[Event "C.to Italiano Semifinale"]
[Site "Civitanova Marche ITA"]
[Date "2014.07.26"]
[Round "8"]
[White "Gilevych, Artem"]
[Black "Bellia, Fabrizio"]
[WhiteElo "2362"]
[BlackElo "2396"]
[Result "1/2-1/2"]
[PlyCount "20"]
[EventDate "2014.07.19"]

1. d4 Nf6 2. c4 e6 3. Nc3 Bb4 4. e3 O-O 5. Bd3 b6 6. Nge2 Bb7 7. O-O d5 8. a3
Bd6 9. Ng3 Bxg3 10. hxg3 Nbd7 1/2-1/2

[Event "C.to Italiano Semifinale"]
[Site "Civitanova Marche ITA"]
[Date "2014.07.26"]
[Round "8"]
[White "Miracola, Massimiliano"]
[Black "Pulito, Alberto"]
[WhiteElo "2157"]
[BlackElo "2253"]
[Result "0-1"]
[PlyCount "50"]
[EventDate "2014.07.19"]

1. e4 b6 2. d4 Bb7 3. Bd3 e6 4. Nf3 Nf6 5. Qe2 d5 6. e5 Nfd7 7. Ng5 Qe7 8. Qg4
c5 9. c3 Nc6 10. a3 O-O-O 11. O-O h5 12. Qf4 f6 13. Nf3 g5 14. exf6 Nxf6 15.
Nxg5 Bh6 16. Qf3 e5 17. dxe5 Nxe5 18. Qf5+ Nfd7 19. h4 Rdf8 20. Qh3 Nxd3 21.
Qxd3 Ne5 22. Qh3+ Kb8 23. Re1 Bxg5 24. Qg3 Bxc1 25. Rxe5 Qxe5 0-1

[Event "C.to Italiano Semifinale"]
[Site "Civitanova Marche ITA"]
[Date "2014.07.26"]
[Round "8"]
[White "Moroni, Luca Jr"]
[Black "Contin, Daniel"]
[WhiteElo "2347"]
[BlackElo "2319"]
[Result "0-1"]
[PlyCount "80"]
[EventDate "2014.07.19"]

1. Nf3 Nf6 2. c4 g6 3. g3 c5 4. Nc3 Nc6 5. Bg2 d5 6. cxd5 Nxd5 7. O-O Nc7 8.
Na4 Ne6 9. d3 Qd6 10. Be3 Rb8 11. Nd2 b6 12. Ne4 Qd7 13. a3 Bg7 14. Rb1 Ncd4
15. Nac3 Bb7 16. Ng5 Nxg5 17. Bxg5 Bxg2 18. Kxg2 O-O 19. Be3 Rfd8 20. Bxd4 Qc6+
21. Kg1 Rxd4 22. b3 Rbd8 23. Qc2 h5 24. Ne4 Qe6 25. Ng5 Qg4 26. Nf3 R4d5 27.
Kg2 g5 28. Qd2 Bf6 29. Rbc1 R8d6 30. b4 c4 31. h3 Qc8 32. Qa2 c3 33. e4 Rxd3
34. e5 Qc6 35. exd6 Qxf3+ 36. Kg1 Bd4 37. Kh2 exd6 38. Rc2 h4 39. gxh4 Qxh3+
40. Kg1 Rg3# 0-1

[Event "C.to Italiano Semifinale"]
[Site "Civitanova Marche ITA"]
[Date "2014.07.26"]
[Round "8"]
[White "Pesce, Gabriele"]
[Black "Formento, Paolo"]
[WhiteElo "2203"]
[BlackElo "2228"]
[Result "1-0"]
[PlyCount "73"]
[EventDate "2014.07.19"]

1. e4 e6 2. d4 d5 3. Nc3 Nc6 4. e5 f6 5. Nf3 Bd7 6. Bf4 f5 7. Bg5 Be7 8. h4 h6
9. Bxe7 Qxe7 10. Qd2 O-O-O 11. Ne2 g6 12. Nf4 Be8 13. Bb5 Nb8 14. Be2 Rh7 15.
O-O-O Rg7 16. Nh3 a6 17. Rdg1 b6 18. g4 Bb5 19. gxf5 gxf5 20. Bxb5 axb5 21. Nf4
Rg4 22. Nh2 Rxg1+ 23. Rxg1 Nc6 24. Nf3 Kb7 25. Rg6 Ra8 26. Rxe6 Qd7 27. Kb1 Ra4
28. Qd3 b4 29. Qxf5 Qd8 30. Qf7 Nge7 31. Ng6 Qa8 32. Rxe7 Nxe7 33. Nxe7 Ra5 34.
Nxd5 Qd8 35. Nxb4 Ra4 36. a3 Ka8 37. e6 1-0